Enigma en el Curi-Cancha

Shranjeno v:
Bibliografske podrobnosti
Glavni avtor: Mayoral, Juana Aurora (autora)
Format: Knjiga
Jezik:španščina
Izdano: Madrid Bruño 1997
Izdaja:9a. ed
Serija:Altamar novela histórica, 21
Teme:
Oznake: Označite
Brez oznak, prvi označite!

MARC

LEADER 00000nam a2200000 a 4500
001 UCH8138
003 CL-VaPUC
008 091127e19970000SP |||||||||||||||||spa|d
020 |a 8421611151 
082 0 4 |a 863  |b MAY  |2 21 
100 |a Mayoral, Juana Aurora  |e autora  |9 544585 
245 1 0 |a Enigma en el Curi-Cancha 
250 |a 9a. ed 
300 |a 193 p 
942 |c BK 
945 |d 20091127 00:00:00  |a lazolas 
260 |a Madrid  |b Bruño  |c 1997 
500 |a Lectura a partir de los 12 años 
650 0 |a Literatura  |9 259151 
650 0 |a Literatura española  |9 306261 
650 0 |a Novelas españolas  |9 265052 
650 0 |a Escritores españoles  |9 318145 
650 0 |a Cuentos  |9 308079 
650 0 |a Lectura  |9 307634 
583 |a last modification  |c 20091127 00:00:00  |k Rodrigo Vera 
490 0 |a Altamar novela histórica, 21 
999 |c 338380  |d 338378